| 000 | 00771cam a2200229 a 4500 | ||
|---|---|---|---|
| 001 | 1439930 | ||
| 005 | 20240201013241.0 | ||
| 008 | 841116r19841932ii b 001 0 eng | ||
| 040 |
_aDLC _cDLC _dDLC |
||
| 082 | 0 | 0 |
_a305.5 _219 _bSIV. |
| 100 | 2 | _aSivaraja Pillai, K. Narayanan, | |
| 245 | 1 | 4 |
_aThe chronology of the early Tamils : _bbased on the synchronistic tables of their kings, chieftains, and poets appearing in the Sangam literature / _cK.N. Sivaraja Pillai. |
| 260 |
_aNew Delhi : _bAsian Educational Services, _c1984. |
||
| 300 | _axvi, 284 p. ; | ||
| 500 | _aIncludes passages in Tamil. | ||
| 500 | _aReprint. 1932. | ||
| 500 | _aIncludes index. | ||
| 650 | 0 | _aTamil (Indic people) | |
| 650 | 0 | _aTamil literature | |
| 650 | 0 | _aSangam literature | |
| 942 | _cL | ||
| 999 |
_c253 _d253 |
||